[Event "Barcelona Sant Marti op-B 19th"]
[Site "Barcelona"]
[Date "2017.07.16"]
[Round "4"]
[White "Pascual Duran, Pau"]
[Black "Cespedes, Sandra"]
[Result "1/2-1/2"]
[WhiteElo "1491"]
[BlackElo "1814"]
[PlyCount "115"]
[EventDate "2017.07.13"]
[EventType "swiss"]
[EventRounds "9"]
[EventCountry "ESP"]
[SourceTitle "EXT 2018"]
[Source "ChessBase"]
[SourceDate "2017.10.13"]
[SourceVersion "1"]
[SourceVersionDate "2017.10.13"]
[SourceQuality "1"]

1. e4 e5 2. Nf3 Nc6 3. Bb5 d6 4. 0-0 Bg4 5. d3 Qd7 6. Be3 a6 7. Ba4 h6 8. Nbd2 Nge7 9. c3 g5 10. Qc2 b5 11. Bb3 Na5 12. d4 Nxb3 13. Qxb3 Be6 14. Qc2 f6 15. Ne1 Bg7 16. d5 Bf7 17. c4 Rc8 18. b4 Bg6 19. Qb3 c6 20. c5 cxd5 21. exd5 dxc5 22. Bxc5 Qxd5 23. Rd1 Rd8 24. Nef3 Qxb3 25. Nxb3 Nc6 26. Rxd8+ Nxd8 27. Rd1 Nb7 28. Bb6 0-0 29. Rd7 Be4 30. Nfd2 Bc6 31. Rc7 Bd5 32. f3 Nd8 33. Rd7 Bxb3 34. Nxb3 Nc6 35. a3 Rb8 36. Bc7 Rc8 37. Nc5 a5 38. bxa5 Nxa5 39. Ne6 Bf8 40. Nxf8 Nc4 41. Nh7 f5 42. Nf6+ Kf8 43. Rh7 Rxc7 44. Rxc7 Nxa3 45. Nd5 e4 46. fxe4 fxe4 47. Rb7 Nc2 48. Rxb5 e3 49. Nc3 Kf7 50. Kf1 Kg6 51. Re5 Kf6 52. Re4 Kf5 53. Ke2 g4 54. Nd1 Kxe4 55. Nc3+ Kd4 56. Nd1 h5 57. g3 Ke4 58. Nc3+ 1/2-1/2

[Event "Barcelona Sant Marti op-B 19th"]
[Site "Barcelona"]
[Date "2017.07.15"]
[Round "3"]
[White "Mercader Rubio, Luis"]
[Black "Pascual Duran, Pau"]
[Result "1-0"]
[WhiteElo "1747"]
[BlackElo "1491"]
[PlyCount "79"]
[EventDate "2017.07.13"]
[EventType "swiss"]
[EventRounds "9"]
[EventCountry "ESP"]
[SourceTitle "EXT 2018"]
[Source "ChessBase"]
[SourceDate "2017.10.13"]
[SourceVersion "1"]
[SourceVersionDate "2017.10.13"]
[SourceQuality "1"]

1. e4 e6 2. d4 d5 3. exd5 exd5 4. Nf3 Bd6 5. Bd3 Nc6 6. 0-0 Nge7 7. h3 Be6 8. Re1 Qd7 9. Ng5 Nxd4 10. Ba6 c5 11. Bd3 0-0-0 12. c3 Ndc6 13. Nd2 h6 14. Nxe6 fxe6 15. Qg4 Ne5 16. Qe2 Rdf8 17. Bb5 N7c6 18. Bxc6 Qxc6 19. c4 Rf6 20. b3 Rhf8 21. f3 d4 22. Ne4 Nxf3+ 23. gxf3 d3 24. Qxd3 Rg6+ 25. Kf2 Be5 26. Rb1 Qc7 27. Rg1 Rxg1 28. Kxg1 Qf7 29. Bb2 Rd8 30. Qe2 Bf4 31. Bc3 Qf5 32. Qg2 g5 33. Qg4 Qg6 34. Re1 h5 35. Qg2 Qf5 36. Bd2 Be5 37. Bxg5 Rd3 38. Be3 Rxe3 39. Rxe3 Bd4 40. Nd6+ 1-0

[Event "Foment Martinenc op-C 19st"]
[Site "Barcelona"]
[Date "2017.06.10"]
[Round "8.10"]
[White "Ruiz Puerta, Jon Ander"]
[Black "Pascual Duran, Pau"]
[Result "1-0"]
[WhiteElo "1693"]
[BlackElo "1794"]
[PlyCount "41"]
[EventDate "2017.04.22"]
[EventType "swiss"]
[EventRounds "9"]
[EventCountry "ESP"]
[SourceTitle "EXT 2024"]
[Source "ChessBase"]
[SourceDate "2023.10.10"]
[SourceVersion "1"]
[SourceVersionDate "2023.10.10"]
[SourceQuality "1"]

1. e4 e6 2. Nf3 d5 3. exd5 exd5 4. d4 Bd6 5. Nc3 Ne7 6. Be2 Nbc6 7. 0-0 Be6 8. Re1 Qd7 9. a4 a6 10. Bd3 0-0-0 11. Ng5 h6 12. Nxe6 fxe6 13. Na2 Nxd4 14. Bxa6 Qxa4 15. b3 Nxb3 16. Bxb7+ Kxb7 17. cxb3 Qh4 18. h3 Rhf8 19. Qe2 Rf6 20. Nc3 Bc5 21. Qa6+ 1-0

[Event "Foment Martinenc op-C 19st"]
[Site "Barcelona"]
[Date "2017.04.29"]
[Round "2.7"]
[White "Pascual Duran, Pau"]
[Black "Rivas Garcia, Alberto"]
[Result "1-0"]
[WhiteElo "1794"]
[BlackElo "1709"]
[PlyCount "79"]
[EventDate "2017.04.22"]
[EventType "swiss"]
[EventRounds "9"]
[EventCountry "ESP"]
[SourceTitle "EXT 2024"]
[Source "ChessBase"]
[SourceDate "2023.10.10"]
[SourceVersion "1"]
[SourceVersionDate "2023.10.10"]
[SourceQuality "1"]

1. e4 e6 2. d4 d5 3. e5 c5 4. c3 Nc6 5. Nf3 Bd7 6. Be3 cxd4 7. cxd4 Qb6 8. b3 Bb4+ 9. Nbd2 f6 10. Be2 Qc7 11. Rc1 fxe5 12. Nxe5 Nf6 13. Bh5+ g6 14. Be2 Qa5 15. Rc2 Ne4 16. 0-0 Nc3 17. Qe1 Nxe5 18. dxe5 0-0-0 19. Nb1 Kb8 20. Nxc3 Rc8 21. Bd4 Rhf8 22. Qd2 Bc5 23. Rfc1 g5 24. Qe3 Bxd4 25. Qxd4 Rf4 26. Qd3 d4 27. Nb5 Rxc2 28. Rxc2 Bxb5 29. Qxb5 Qe1+ 30. Bf1 a6 31. Qd3 Re4 32. Re2 Rxe2 33. Qxe2 Qxe2 34. Bxe2 Kc7 35. Bc4 Kd7 36. Kf1 b5 37. Bd3 Kc6 38. Bxh7 Kd5 39. h4 gxh4 40. f4 1-0

[Event "Barcelona Sant Marti op 6th"]
[Site "Barcelona"]
[Date "2017.03.02"]
[Round "8"]
[White "Climent Vidal, Pere"]
[Black "Pascual Duran, Pau"]
[Result "0-1"]
[WhiteElo "1576"]
[BlackElo "1510"]
[PlyCount "91"]
[EventDate "2017.01.12"]
[EventType "swiss"]
[EventRounds "9"]
[EventCountry "ESP"]
[SourceTitle "EXT 2018"]
[Source "ChessBase"]
[SourceDate "2017.10.13"]
[SourceVersion "1"]
[SourceVersionDate "2017.10.13"]
[SourceQuality "1"]

1. d4 Nf6 2. c4 g6 3. Nc3 Bg7 4. e4 d6 5. Nf3 0-0 6. Be2 e5 7. d5 a5 8. 0-0 Na6 9. Be3 Ne8 10. Bg5 Qd7 11. Qd2 f5 12. exf5 gxf5 13. Bh6 f4 14. Bxg7 Qxg7 15. Ne4 h6 16. Qxa5 Bh3 17. Nh4 f3 18. Ng3 fxe2 19. Rfe1 Bd7 20. Rxe2 Nf6 21. Qd2 Qg5 22. Qd3 Nc5 23. Qg6+ Qxg6 24. Nxg6 Rf7 25. f4 exf4 26. Nxf4 Ng4 27. Ne6 c6 28. Nxc5 dxc5 29. d6 Nf6 30. Rae1 Rxa2 31. b3 Rxe2 32. Rxe2 Bg4 33. Rf2 Ne8 34. Rd2 Rd7 35. h3 Be6 36. Ne4 b6 37. h4 Kf7 38. Rf2+ Kg6 39. Rd2 Kf5 40. Re2 Nxd6 41. g4+ Kg6 42. h5+ Kg7 43. Nf2 Kf6 44. Kg2 Rg7 45. Kg3 Nf5+ 46. Kf4 0-1

[Event "Barcelona Sant Marti op 6th"]
[Site "Barcelona"]
[Date "2017.02.09"]
[Round "5"]
[White "Pascual Duran, Pau"]
[Black "Orts Gonzalez, Rafael"]
[Result "1-0"]
[WhiteElo "1510"]
[BlackElo "1127"]
[PlyCount "79"]
[EventDate "2017.01.12"]
[EventType "swiss"]
[EventRounds "9"]
[EventCountry "ESP"]
[SourceTitle "EXT 2018"]
[Source "ChessBase"]
[SourceDate "2017.10.13"]
[SourceVersion "1"]
[SourceVersionDate "2017.10.13"]
[SourceQuality "1"]

1. e4 c5 2. Nf3 Qa5 3. Bc4 Nh6 4. 0-0 e6 5. c3 b5 6. Bb3 c4 7. Bc2 Bb7 8. d4 Bd6 9. Ne1 b4 10. Nd2 Ba6 11. e5 Be7 12. Ne4 b3 13. Bb1 Rf8 14. Nf6+ Bxf6 15. exf6 Rg8 16. Bxh7 Nc6 17. Bxg8 Nxg8 18. Qg4 0-0-0 19. Qxg7 e5 20. Nf3 exd4 21. Bd2 d3 22. Qxf7 Ne5 23. Qh5 Nxf3+ 24. Qxf3 Bb7 25. Qf4 Rf8 26. axb3 Qd5 27. Qxc4+ Qxc4 28. bxc4 a6 29. Rfe1 Nxf6 30. Re3 Ng4 31. Rxd3 Rxf2 32. Rg3 Rxd2 33. Rxg4 Rxb2 34. h4 Kd8 35. h5 Rb6 36. Rg6 Bc6 37. h6 Kc7 38. h7 Be4 39. h8Q Rxg6 40. Qe5+ 1-0

[Event "Barcelona Sant Marti op 6th"]
[Site "Barcelona"]
[Date "2017.02.02"]
[Round "4"]
[White "Antequera Garcia, Luis"]
[Black "Pascual Duran, Pau"]
[Result "1-0"]
[WhiteElo "1356"]
[BlackElo "1510"]
[PlyCount "71"]
[EventDate "2017.01.12"]
[EventType "swiss"]
[EventRounds "9"]
[EventCountry "ESP"]
[SourceTitle "EXT 2018"]
[Source "ChessBase"]
[SourceDate "2017.10.13"]
[SourceVersion "1"]
[SourceVersionDate "2017.10.13"]
[SourceQuality "1"]

1. e4 e6 2. d4 d5 3. e5 c5 4. Nf3 Nc6 5. Bb5 Qa5+ 6. Nc3 a6 7. Bxc6+ bxc6 8. Bd2 Qc7 9. 0-0 Bd7 10. Bf4 cxd4 11. Qxd4 c5 12. Qd1 Ne7 13. Bg3 Nf5 14. Ne2 Be7 15. Bf4 h6 16. Ng3 g5 17. Bd2 Nxg3 18. fxg3 Qb6 19. Rb1 Rb8 20. Ne1 Bc6 21. Kh1 Kd7 22. Qh5 Rbf8 23. Nd3 Kd8 24. Rxf7 Be8 25. Rxf8 Bxf8 26. Qg4 Be7 27. b4 Bg6 28. Qd1 Bxd3 29. cxd3 cxb4 30. a3 a5 31. Rb3 a4 32. Rb1 b3 33. Qe1 Bxa3 34. Ba5 Bc5 35. Bxb6+ Bxb6 36. Qb4 1-0

[Event "Barcelona Sant Marti op 6th"]
[Site "Barcelona"]
[Date "2017.01.26"]
[Round "3"]
[White "Pascual Duran, Pau"]
[Black "Albert Estebanez, Carles"]
[Result "0-1"]
[WhiteElo "1510"]
[BlackElo "1751"]
[PlyCount "42"]
[EventDate "2017.01.12"]
[EventType "swiss"]
[EventRounds "9"]
[EventCountry "ESP"]
[SourceTitle "EXT 2018"]
[Source "ChessBase"]
[SourceDate "2017.10.13"]
[SourceVersion "1"]
[SourceVersionDate "2017.10.13"]
[SourceQuality "1"]

1. e4 d5 2. exd5 Nf6 3. d4 Qxd5 4. Nc3 Qd8 5. h3 Nc6 6. Nf3 Bf5 7. Bb5 Bd7 8. 0-0 a6 9. Ba4 b5 10. Bb3 e6 11. Re1 Be7 12. d5 Nb4 13. a3 Nbxd5 14. Nxd5 Nxd5 15. Ne5 Nf6 16. Qf3 0-0 17. Rd1 Bd6 18. Nc6 Qe8 19. Bg5 Bxc6 20. Qc3 Ne4 21. Qe3 Bc5 0-1

[Event "Mollet del Valles op 4th"]
[Site "Mollet del Valles"]
[Date "2016.10.21"]
[Round "4"]
[White "Nicomedes Carmona, Jose"]
[Black "Pascual Duran, Pau"]
[Result "1-0"]
[WhiteElo "1691"]
[BlackElo "1497"]
[PlyCount "91"]
[EventDate "2016.09.30"]
[EventType "swiss"]
[EventRounds "9"]
[EventCountry "ESP"]
[SourceTitle "EXT 2018"]
[Source "ChessBase"]
[SourceDate "2017.10.13"]
[SourceVersion "1"]
[SourceVersionDate "2017.10.13"]
[SourceQuality "1"]

1. e4 e6 2. Nc3 d5 3. exd5 exd5 4. d4 Nf6 5. Nf3 Bg4 6. Be2 Bd6 7. h3 Bh5 8. 0-0 0-0 9. Nh2 Bxe2 10. Qxe2 Re8 11. Qf3 c6 12. Bg5 Nbd7 13. Ng4 Be7 14. Bf4 Nxg4 15. Qxg4 Nf6 16. Qf3 Qb6 17. Qd3 Rab8 18. b3 Rbd8 19. Na4 Qa5 20. Bd2 Qc7 21. Rae1 Ne4 22. Re2 Bh4 23. Rfe1 Re6 24. Nc5 Nxc5 25. dxc5 Rxe2 26. Rxe2 Qd7 27. Bf4 Re8 28. Kf1 Bd8 29. c4 Rxe2 30. Kxe2 Qe6+ 31. Be3 Bf6 32. cxd5 cxd5 33. Kd2 Qc6 34. Bd4 Bxd4 35. Qxd4 b6 36. Qe5 Qxc5 37. Qb8+ Qf8 38. Qxa7 Qb4+ 39. Ke2 g6 40. Qb8+ Qf8 41. Qxb6 Qe7+ 42. Qe3 Kf8 43. Qxe7+ Kxe7 44. Kd3 Kd6 45. Kd4 Kc6 46. h4 1-0

[Event "Barcelona Sant Marti op-B 18th"]
[Site "Barcelona"]
[Date "2016.07.20"]
[Round "8.60"]
[White "Pascual Duran, Pau"]
[Black "Domenche Redondo, Francesco"]
[Result "1-0"]
[WhiteElo "1480"]
[BlackElo "1622"]
[PlyCount "39"]
[EventDate "2016.07.13"]
[EventType "swiss"]
[EventRounds "9"]
[EventCountry "ESP"]
[SourceTitle "EXT 2024"]
[Source "ChessBase"]
[SourceDate "2023.10.10"]
[SourceVersion "1"]
[SourceVersionDate "2023.10.10"]
[SourceQuality "1"]

1. e4 e5 2. Nf3 Nf6 3. Nxe5 d6 4. Nf3 Nxe4 5. Nc3 Nxc3 6. dxc3 Be7 7. Bf4 0-0 8. Qd2 Nc6 9. 0-0-0 Be6 10. Kb1 h6 11. h4 Bf6 12. Bd3 Ne5 13. Ng5 Qd7 14. Nh7 Qa4 15. Nxf6+ gxf6 16. b3 Qc6 17. Bxh6 Rfe8 18. Qf4 f5 19. Qg5+ Ng6 20. Qf6 1-0

[Event "Barcelona Sant Marti op-B 18th"]
[Site "Barcelona"]
[Date "2016.07.19"]
[Round "7.52"]
[White "Cervera Lopez, Miguel"]
[Black "Pascual Duran, Pau"]
[Result "1-0"]
[WhiteElo "1655"]
[BlackElo "1480"]
[PlyCount "51"]
[EventDate "2016.07.13"]
[EventType "swiss"]
[EventRounds "9"]
[EventCountry "ESP"]
[SourceTitle "EXT 2024"]
[Source "ChessBase"]
[SourceDate "2023.10.10"]
[SourceVersion "1"]
[SourceVersionDate "2023.10.10"]
[SourceQuality "1"]

1. e4 e6 2. Nf3 d5 3. exd5 exd5 4. d4 Nf6 5. Bg5 Nbd7 6. Bd3 Bd6 7. 0-0 0-0 8. Re1 Re8 9. c4 Rxe1+ 10. Qxe1 dxc4 11. Bxc4 c6 12. a3 h6 13. Bh4 Qc7 14. Nc3 Nh5 15. Qe8+ Nf8 16. Ne5 Bxe5 17. dxe5 g5 18. Bg3 Nxg3 19. hxg3 Rb8 20. Rd1 Be6 21. Rd7 Qxd7 22. Qxb8 Bxc4 23. Ne4 Kg7 24. Nf6 Qe7 25. g4 Nd7 26. Qg8# 1-0

[Event "Barcelona Sant Marti op-B 18th"]
[Site "Barcelona"]
[Date "2016.07.16"]
[Round "4.48"]
[White "Pascual Duran, Pau"]
[Black "Palau Fontanet, David"]
[Result "1/2-1/2"]
[WhiteElo "1480"]
[BlackElo "1703"]
[PlyCount "26"]
[EventDate "2016.07.13"]
[EventType "swiss"]
[EventRounds "9"]
[EventCountry "ESP"]
[SourceTitle "EXT 2024"]
[Source "ChessBase"]
[SourceDate "2023.10.10"]
[SourceVersion "1"]
[SourceVersionDate "2023.10.10"]
[SourceQuality "1"]

1. e4 c5 2. Nf3 Nc6 3. d4 cxd4 4. Nxd4 g6 5. Be3 Bg7 6. Nc3 Nf6 7. Qd2 Ng4 8. Nxc6 bxc6 9. Bg5 h6 10. Bh4 Qa5 11. Bc4 Qb4 12. Bb3 Bxc3 13. Qxc3 Qxc3+ 1/2-1/2

[Event "Barcelona Sant Marti op-B 18th"]
[Site "Barcelona"]
[Date "2016.07.14"]
[Round "2.51"]
[White "Pascual Duran, Pau"]
[Black "Hernando Rodrigo, Lourdes"]
[Result "0-1"]
[WhiteElo "1480"]
[BlackElo "1730"]
[PlyCount "82"]
[EventDate "2016.07.13"]
[EventType "swiss"]
[EventRounds "9"]
[EventCountry "ESP"]
[SourceTitle "EXT 2024"]
[Source "ChessBase"]
[SourceDate "2023.10.10"]
[SourceVersion "1"]
[SourceVersionDate "2023.10.10"]
[SourceQuality "1"]

1. e4 c5 2. Nf3 e6 3. d4 cxd4 4. Nxd4 a6 5. Bd3 Nf6 6. Qe2 Nc6 7. c3 Be7 8. 0-0 Qc7 9. f4 d6 10. Nd2 0-0 11. N2f3 Bd7 12. Nxc6 Bxc6 13. e5 Bxf3 14. Rxf3 dxe5 15. fxe5 Nd5 16. Bxh7+ Kxh7 17. Rh3+ Kg8 18. Qh5 f6 19. Qg6 Qxe5 20. Bh6 Rf7 21. Bf4 Qf5 22. Qxf5 exf5 23. Bd2 Re8 24. Re1 Bc5+ 25. Kf1 Rxe1+ 26. Kxe1 Re7+ 27. Kf1 Ne3+ 28. Bxe3 Bxe3 29. Rf3 f4 30. g3 fxg3 31. hxg3 Bg5 32. b3 Re3 33. Rxe3 Bxe3 34. Ke2 Bc5 35. Kd3 Bd6 36. g4 Kf7 37. Ke4 Ke6 38. b4 g6 39. a3 f5+ 40. gxf5+ gxf5+ 41. Kf3 Kd5 0-1

[Event "Foment Martinenc op-B 18th"]
[Site "Barcelona"]
[Date "2016.05.14"]
[Round "4"]
[White "Riu Borge, Albert"]
[Black "Pascual Duran, Pau"]
[Result "1/2-1/2"]
[WhiteElo "1873"]
[BlackElo "1468"]
[PlyCount "61"]
[EventDate "2016.04.23"]
[EventType "swiss"]
[EventRounds "9"]
[EventCountry "ESP"]
[SourceTitle "EXT 2017"]
[Source "ChessBase"]
[SourceDate "2016.10.25"]
[SourceVersion "1"]
[SourceVersionDate "2016.10.25"]
[SourceQuality "1"]

1. e4 e6 2. d4 d5 3. exd5 exd5 4. Nf3 Bg4 5. Be2 Nf6 6. h3 Bh5 7. 0-0 Bd6 8. Bg5 0-0 9. Nbd2 c6 10. Re1 Nbd7 11. c3 Re8 12. Bd3 Qc7 13. Qc2 Bg6 14. Re3 Rxe3 15. fxe3 Bg3 16. Nf1 Ne4 17. Bh4 Re8 18. Nxg3 Nxg3 19. Bxg6 hxg6 20. Bxg3 Qxg3 21. Qf2 Qd6 22. Re1 Nf6 23. Nd2 Re6 24. Qf3 Ne4 25. Nxe4 Rxe4 26. Kf2 Re6 27. Qg4 Qe7 28. Qg3 Rd6 29. Kg1 f5 30. Qf4 Qf6 31. h4 1/2-1/2

[Event "Foment Martinenc op-B 18th"]
[Site "Barcelona"]
[Date "2016.04.30"]
[Round "2"]
[White "Losada Torroella, Carles"]
[Black "Pascual Duran, Pau"]
[Result "0-1"]
[WhiteElo "1829"]
[BlackElo "1468"]
[PlyCount "69"]
[EventDate "2016.04.23"]
[EventType "swiss"]
[EventRounds "9"]
[EventCountry "ESP"]
[SourceTitle "EXT 2017"]
[Source "ChessBase"]
[SourceDate "2016.10.25"]
[SourceVersion "1"]
[SourceVersionDate "2016.10.25"]
[SourceQuality "1"]

1. d4 Nf6 2. c4 g6 3. Nc3 Bg7 4. e3 0-0 5. Nf3 d6 6. Bd3 Nbd7 7. 0-0 e5 8. dxe5 dxe5 9. e4 Nc5 10. Bc2 Qe7 11. Bg5 h6 12. Bxf6 Qxf6 13. b4 Ne6 14. Qe2 c6 15. Rfd1 Nf4 16. Qe3 h5 17. g3 Nh3+ 18. Kh1 Bg4 19. Kg2 Bh6 20. Qe2 Ng5 21. Rd3 Rad8 22. Rad1 Rxd3 23. Rxd3 Nxf3 24. Rxf3 Qxf3+ 25. Qxf3 Bxf3+ 26. Kxf3 Rd8 27. Nb1 Kg7 28. h3 Rd6 29. Kg2 Bc1 30. h4 Bb2 31. Kh3 Rd4 32. Bb3 Rxe4 33. Nd2 Re2 34. Nf3 Rxf2 35. Nxe5 0-1

[Event "Barcelona-C 1st"]
[Site "Barcelona"]
[Date "2015.12.05"]
[Round "3"]
[White "Pascual Duran, Pau"]
[Black "Catala Ulied, Guillem"]
[Result "1-0"]
[WhiteElo "1480"]
[BlackElo "1462"]
[PlyCount "63"]
[EventDate "2015.12.05"]
[EventType "tourn"]
[EventRounds "9"]
[EventCountry "ESP"]
[SourceTitle "EXT 2024"]
[Source "ChessBase"]
[SourceDate "2023.10.10"]
[SourceVersion "1"]
[SourceVersionDate "2023.10.10"]
[SourceQuality "1"]

1. e4 c5 2. Nf3 d6 3. d4 cxd4 4. Nxd4 Nf6 5. Nc3 g6 6. Bg5 Bg7 7. Bb5+ Bd7 8. Qe2 0-0 9. 0-0-0 Nc6 10. h4 Qb6 11. Be3 Qc7 12. f4 Nxd4 13. Bxd4 Bg4 14. Qd2 Bxd1 15. Qxd1 Rfc8 16. g4 a6 17. Ba4 b5 18. Bb3 Rab8 19. e5 Ne8 20. Nd5 Qd8 21. h5 dxe5 22. Bxe5 Bxe5 23. fxe5 e6 24. hxg6 hxg6 25. Qd2 f5 26. Qh6 Kf7 27. gxf5 gxf5 28. Qh5+ Kg7 29. Qh8+ Kg6 30. Rg1+ Qg5+ 31. Rxg5+ Kxg5 32. Qg8+ 1-0

[Event "Barcelona Sant Marti op-B 17th"]
[Site "Barcelona"]
[Date "2015.07.21"]
[Round "9"]
[White "Pascual Duran, Pau"]
[Black "Romano Cases, Jordi"]
[Result "0-1"]
[WhiteElo "1897"]
[BlackElo "1700"]
[PlyCount "82"]
[EventDate "2015.07.13"]
[EventType "swiss"]
[EventRounds "9"]
[EventCountry "ESP"]
[SourceTitle "EXT 2016"]
[Source "ChessBase"]
[SourceDate "2015.10.08"]
[SourceVersion "1"]
[SourceVersionDate "2015.10.08"]
[SourceQuality "1"]

1. e4 e5 2. Nf3 Nc6 3. Bb5 Nf6 4. 0-0 Nxe4 5. d4 exd4 6. Re1 d5 7. Qxd4 Be6 8. Ne5 Bc5 9. Nxc6 bxc6 10. Bxc6+ Kf8 11. Qe5 Bxf2+ 12. Kf1 Bxe1 13. Bxa8 Qh4 14. Qf4 Qf2+ 15. Qxf2 Bxf2 16. Bf4 Ke7 17. Bc6 h6 18. b4 Bd4 19. c3 Nxc3 20. Nxc3 Bxc3 21. Rb1 Bf5 22. Rd1 d4 23. Be5 Bc2 24. Rc1 Bd3+ 25. Kf2 f6 26. Bf4 g5 27. Bg3 h5 28. h3 Rc8 29. b5 Bd2 30. Rd1 Be3+ 31. Kf3 g4+ 32. hxg4 hxg4+ 33. Kxg4 Be2+ 34. Bf3 Rg8+ 35. Kh3 Bxd1 36. Bxd1 Rc8 37. Kg4 c5 38. a4 c4 39. a5 d3 40. b6 axb6 41. axb6 Bxb6 0-1

[Event "Barcelona Sant Marti op-B 17th"]
[Site "Barcelona"]
[Date "2015.07.19"]
[Round "7"]
[White "Pascual Duran, Pau"]
[Black "Khudov, Oleksandr"]
[Result "0-1"]
[WhiteElo "1897"]
[BlackElo "1528"]
[PlyCount "90"]
[EventDate "2015.07.13"]
[EventType "swiss"]
[EventRounds "9"]
[EventCountry "ESP"]
[SourceTitle "EXT 2016"]
[Source "ChessBase"]
[SourceDate "2015.10.08"]
[SourceVersion "1"]
[SourceVersionDate "2015.10.08"]
[SourceQuality "1"]

1. e4 e6 2. d4 d5 3. e5 c5 4. c3 Qb6 5. Nf3 Bd7 6. Be2 Bb5 7. Be3 Bxe2 8. Qxe2 Nc6 9. 0-0 cxd4 10. cxd4 Nge7 11. Nc3 Nf5 12. a3 a6 13. b4 Be7 14. Na4 Qc7 15. Nc5 0-0 16. Rac1 Bxc5 17. Rxc5 b6 18. Rc3 Ncxd4 19. Bxd4 Nxd4 20. Qd3 Nxf3+ 21. Qxf3 Qxe5 22. Rc6 Rfc8 23. Rxb6 Rc3 24. Qd1 Rxa3 25. Qc1 Qc3 26. Qf4 e5 27. Qf5 Ra1 28. Rb7 Rxf1+ 29. Kxf1 Qc4+ 30. Ke1 Qe4+ 31. Qxe4 dxe4 32. Re7 f6 33. Ke2 Rb8 34. Ra7 Rb6 35. Ke3 f5 36. Re7 Rxb4 37. Rxe5 Rb5 38. Kf4 Rxe5 39. Kxe5 g6 40. Kd4 Kf7 41. Kc4 Ke6 42. Kc5 Ke5 43. Kb6 Kd4 44. Kxa6 Kd3 45. Kb5 Ke2 0-1

[Event "Barcelona Sant Marti op-B 17th"]
[Site "Barcelona"]
[Date "2015.07.16"]
[Round "4"]
[White "Pascual Duran, Pau"]
[Black "Canela Gimenez, Maria Concepcion"]
[Result "0-1"]
[WhiteElo "1897"]
[BlackElo "1959"]
[PlyCount "52"]
[EventDate "2015.07.13"]
[EventType "swiss"]
[EventRounds "9"]
[EventCountry "ESP"]
[SourceTitle "EXT 2016"]
[Source "ChessBase"]
[SourceDate "2015.10.08"]
[SourceVersion "1"]
[SourceVersionDate "2015.10.08"]
[SourceQuality "1"]

1. e4 d5 2. exd5 Qxd5 3. Nc3 Qa5 4. d4 Nf6 5. Bd3 Bg4 6. f3 Bh5 7. Nge2 Nc6 8. 0-0 0-0-0 9. Be3 Bg6 10. a3 Bxd3 11. Qxd3 e6 12. b4 Qf5 13. Ne4 Bd6 14. c4 Be5 15. b5 Nxd4 16. Bxd4 Bxd4+ 17. Nxd4 Qe5 18. Rad1 Rd7 19. Rf2 Rhd8 20. Rfd2 Rxd4 21. Qxd4 Rxd4 22. Rxd4 b6 23. Rd8+ Kb7 24. Re1 Nxe4 25. fxe4 Qc5+ 26. Kh1 Qxc4 0-1

[Event "Barcelona Sant Marti op-B 17th"]
[Site "Barcelona"]
[Date "2015.07.15"]
[Round "3"]
[White "Vargas Drechsler, Carlos"]
[Black "Pascual Duran, Pau"]
[Result "1-0"]
[WhiteElo "1973"]
[BlackElo "1897"]
[PlyCount "47"]
[EventDate "2015.07.13"]
[EventType "swiss"]
[EventRounds "9"]
[EventCountry "ESP"]
[SourceTitle "EXT 2016"]
[Source "ChessBase"]
[SourceDate "2015.10.08"]
[SourceVersion "1"]
[SourceVersionDate "2015.10.08"]
[SourceQuality "1"]

1. d4 Nf6 2. Nf3 g6 3. c4 Bg7 4. g3 d6 5. Bg2 0-0 6. 0-0 Nbd7 7. b3 e5 8. Bb2 Ne4 9. dxe5 dxe5 10. Nbd2 Nd6 11. Rc1 c5 12. Nb1 Qe7 13. Qd5 Rb8 14. Rfd1 Nf5 15. e3 b6 16. Nc3 Rd8 17. Qd2 Bb7 18. Nd5 Qd6 19. Ng5 h6 20. Ne4 Qe6 21. Qe2 Ne7 22. Rd2 Nxd5 23. cxd5 Bxd5 24. Rxd5 1-0

[Event "Barcelona Sant Marti op-B 17th"]
[Site "Barcelona"]
[Date "2015.07.14"]
[Round "2"]
[White "Aparici Dealbert, Manel"]
[Black "Pascual Duran, Pau"]
[Result "1/2-1/2"]
[WhiteElo "1988"]
[BlackElo "1897"]
[PlyCount "72"]
[EventDate "2015.07.13"]
[EventType "swiss"]
[EventRounds "9"]
[EventCountry "ESP"]
[SourceTitle "EXT 2016"]
[Source "ChessBase"]
[SourceDate "2015.10.08"]
[SourceVersion "1"]
[SourceVersionDate "2015.10.08"]
[SourceQuality "1"]

1. d4 Nf6 2. c4 g6 3. Nc3 Bg7 4. Nf3 d6 5. Bf4 0-0 6. Qd2 Re8 7. Rd1 Nbd7 8. e4 Nh5 9. Be3 e5 10. dxe5 Nxe5 11. Nxe5 Bxe5 12. Bd4 Bf4 13. Be3 Be5 14. Be2 Nf6 15. Bd4 Ng4 16. Bxe5 Nxe5 17. 0-0 Qh4 18. f4 Ng4 19. Bxg4 Bxg4 20. Rde1 Bd7 21. Nd5 Qd8 22. Qc3 Re6 23. f5 Re5 24. fxg6 hxg6 25. Nf6+ Kg7 26. Re3 Be6 27. Ref3 Qh8 28. Rf4 Qh6 29. Ng4 Bxg4 30. Rxg4 Rh8 31. h3 g5 32. Rf5 f6 33. Qf3 Rxf5 34. exf5 Re8 35. h4 Re5 36. Qf4 Qxh4 1/2-1/2

[Event "Foment Martinenc op-C 17th"]
[Site "Barcelona"]
[Date "2015.05.23"]
[Round "5"]
[White "Oliana Rectoret, Pere"]
[Black "Pascual Duran, Pau"]
[Result "0-1"]
[WhiteElo "1818"]
[BlackElo "1818"]
[PlyCount "82"]
[EventDate "2015.04.25"]
[EventType "swiss"]
[EventRounds "9"]
[EventCountry "ESP"]
[SourceTitle "EXT 2017"]
[Source "ChessBase"]
[SourceDate "2016.10.25"]
[SourceVersion "1"]
[SourceVersionDate "2016.10.25"]
[SourceQuality "1"]

1. d4 Nf6 2. e3 g6 3. Bd3 Bg7 4. Nd2 0-0 5. f4 d6 6. Ngf3 Nbd7 7. 0-0 c5 8. c3 Nb6 9. Re1 Nbd5 10. a3 Bg4 11. c4 Nc7 12. d5 Re8 13. Qc2 Nh5 14. Rb1 a5 15. b3 f5 16. Bb2 Nf6 17. h3 Bxf3 18. Nxf3 b5 19. Rbd1 b4 20. a4 e6 21. dxe6 Nxe6 22. Qf2 Ra7 23. Qh4 Rae7 24. Re2 Ne4 25. Bxg7 Rxg7 26. Bxe4 fxe4 27. Qxd8 Rxd8 28. Red2 exf3 29. gxf3 Rgd7 30. Kf2 Kf7 31. Kg3 Kf6 32. Rd5 Nc7 33. R5d2 d5 34. e4 dxc4 35. Rxd7 Rxd7 36. Rxd7 cxb3 37. Rd1 c4 38. Kf2 c3 39. Ke2 Ne6 40. Rd6 b2 41. Rd1 Nxf4+ 0-1